| 000 | 01406nam a22003135i 4500 | ||
|---|---|---|---|
| 999 |
_c27677 _d27648 |
||
| 003 | EG-ScBUE | ||
| 005 | 20191013152347.0 | ||
| 008 | 191013s2005 ua a f bbbb 000 0 ara d | ||
| 017 | _a2005 / 24039 | ||
| 020 | _a9774030591 | ||
| 040 |
_aEG-ScBUE _bara _erda _cEG-ScBUE _dEG-ScBUE |
||
| 043 | _aa-my--- | ||
| 082 | 0 | 4 |
_a338.9595 _bن م و _222 |
| 245 | 0 | 2 |
_aالنموذج الماليزي للتنمية / _cتحرير أ. د. كمال المنوفي، أ. د. جابر سعيد عوض. |
| 246 | 3 | 4 |
_aMalaysian model of development : _bproceedings of the 1st annual conference on Malaysian studies - 2004 |
| 264 | 1 |
_aالجيزة، مصر : _bمركز الدراسات الآسيوية، كلية الاقتصاد والعلوم السياسية، جامعة القاهرة، _c2005. |
|
| 300 |
_a310 صفحة : _bإيضاحيات ؛ _c24 سم |
||
| 336 |
_aنص _btxt _2rdacontent |
||
| 337 |
_aبدون وسيط _bn _2rdamedia |
||
| 338 |
_aمجلد _bnc _2rdacarrier |
||
| 504 | _aيشتمل على إرجاعات ببليوجرافية. | ||
| 541 |
_aDr. Gamal Selim ; _cDonation ; |
||
| 650 | 7 |
_aالتنمية الاقتصادية _zماليزيا. _2BUEsh |
|
| 651 | 7 |
_aماليزيا _xأحوال اقتصادية. _2BUEsh |
|
| 653 |
_bMASPPSS _bBUSBOL _cOctober2019 |
||
| 700 | 1 |
_aمنوفي، كمال، _eمحرر. |
|
| 700 | 1 |
_aعوض، جابر سعيد، _eمحرر. |
|
| 942 | _2ddc | ||